Introduction to the Physics of Electrons in Solids (Record no. 6525)

MARC details
000 -LEADER
fixed length control field 01050cam a2200289 a 4500
001 - CONTROL NUMBER
control field 3486142
003 - CONTROL NUMBER IDENTIFIER
control field OSt
005 - DATE AND TIME OF LATEST TRANSACTION
control field 20240514171944.0
008 - FIXED-LENGTH DATA ELEMENTS--GENERAL INFORMATION
fixed length control field 940315s1995 enka 001 0 eng
010 ## - LIBRARY OF CONGRESS CONTROL NUMBER
LC control number 94011666
020 ## - INTERNATIONAL STANDARD BOOK NUMBER
International Standard Book Number 0521239419 (hardback)
020 ## - INTERNATIONAL STANDARD BOOK NUMBER
International Standard Book Number 0521283582 (paperback)
040 ## - CATALOGING SOURCE
Original cataloging agency DLC
Transcribing agency DLC
Modifying agency DLC
082 00 - DEWEY DECIMAL CLASSIFICATION NUMBER
Classification number 530.41 TAN 1995
Edition number 20
100 1# - MAIN ENTRY--PERSONAL NAME
Personal name Tanner, B. Keith
9 (RLIN) 13404
245 10 - TITLE STATEMENT
Title Introduction to the Physics of Electrons in Solids
260 ## - PUBLICATION, DISTRIBUTION, ETC. (IMPRINT)
Place of publication, distribution, etc. Cambridge;
Name of publisher, distributor, etc. Cambridge University Press,
Date of publication, distribution, etc. 1995.
300 ## - PHYSICAL DESCRIPTION
Extent xvii, 246 p. :
Other physical details ill. ;
Dimensions 23 cm.
500 ## - GENERAL NOTE
General note Includes index.
650 #0 - SUBJECT ADDED ENTRY--TOPICAL TERM
Topical term or geographic name as entry element Solid state physics.
9 (RLIN) 376
650 #0 - SUBJECT ADDED ENTRY--TOPICAL TERM
Topical term or geographic name as entry element Semiconductors.
9 (RLIN) 13406
856 41 - ELECTRONIC LOCATION AND ACCESS
Materials specified Table of contents
Uniform Resource Identifier http://www.loc.gov/catdir/toc/cam041/94011666.html
856 42 - ELECTRONIC LOCATION AND ACCESS
Materials specified Publisher description
Uniform Resource Identifier http://www.loc.gov/catdir/description/cam026/94011666.html
906 ## - LOCAL DATA ELEMENT F, LDF (RLIN)
a 7
b cbc
c orignew
d 1
e ocip
f 19
g y-gencatlg
942 ## - ADDED ENTRY ELEMENTS (KOHA)
Source of classification or shelving scheme Dewey Decimal Classification
Koha item type Open Shelf
Holdings
Withdrawn status Lost status Source of classification or shelving scheme Damaged status Not for loan Home library Current library Date acquired Source of acquisition Inventory number Total Checkouts Full call number Barcode Date last seen Koha item type Price effective from
    Dewey Decimal Classification     MUST Main Library MUST Main Library 29/01/2020 Purchase 05/24472   530.41 TAN 1995 2020-0226 29/01/2020 Open Shelf  
    Other/Generic Classification Scheme     MUST Main Library MUST Main Library 18/06/2024 Purchase 05/24474   530.41 TAN 1995 2024-20804 18/06/2024 Open Shelf 18/06/2024
    Other/Generic Classification Scheme     MUST Main Library MUST Main Library 18/06/2024 Purchase 06/26656   530.41 TAN 1995 2024-20805 18/06/2024 Open Shelf 18/06/2024
    Dewey Decimal Classification     MUST Main Library MUST Main Library 19/06/2024 Purchase 06/26655   530.41 TAN 1995 2024-20906 19/06/2024 Open Shelf 19/06/2024
    Dewey Decimal Classification     MUST Main Library MUST Main Library 21/06/2024 Purchase 2006/26657   530.41 TAN 1995 2024-20964 21/06/2024 Open Shelf 21/06/2024